000
00303nam a2200121Ia 4500
005
20251222154439.0
008
251222s9999||||xx |||||||||||||| ||spa||
020
_a
84-320-9094-8
082
_a
818.46/T98Y/1987
100
_a
"Twain, Mark"
245
0
_a
Un yanqui en la corte del rey Arturo
942
_c
LIB
999
_c
36712
_d
36712